Dyadic interviews in qualitative research : (Record no. 5024)

MARC details
000 -CABECERA
campo de control de longitud fija 01450nam a22002175i 4500
001 - NÚMERO DE CONTROL
campo de control 991061458998006706
005 - FECHA Y HORA DE LA ÚLTIMA TRANSACCIÓN
campo de control 20251013111740.0
008 - DATOS DE LONGITUD FIJA--INFORMACIÓN GENERAL
campo de control de longitud fija AAMMDD----- ---|||||-|||||-|| -----|c
020 ## - NÚMERO INTERNACIONAL ESTÁNDAR DEL LIBRO
Número Internacional Estándar del Libro 9781529602029
040 ## - FUENTE DE LA CATALOGACIÓN
Centro catalogador/agencia de origen ES-TaURV
Lengua de catalogación cat
Normas de descripción rda
Centro/agencia transcriptor ES-TaURV
041 ## - CÓDIGO DE LENGUA
Código de lengua del texto/banda sonora o título independiente eng
050 ## - SIGNATURA TOPOGRÁFICA DE LA BIBLIOTECA DEL CONGRESO
Número de clasificación H62
Número de documento/Ítem .S997 2025
100 ## - ENTRADA PRINCIPAL--NOMBRE DE PERSONA
Nombre de persona Szulc, Joanna
9 (RLIN) 26079
Término indicativo de función/relación author
245 10 - MENCIÓN DE TÍTULO
Título Dyadic interviews in qualitative research :
Resto del título : your practical guide
Mención de responsabilidad, etc. / Joanna Szulc, Nigel King.
260 ## - PUBLICACIÓN, DISTRIBUCIÓN, ETC.
Lugar de publicación, distribución, etc. London :
Nombre del editor, distribuidor, etc. SAGE Publications,
Fecha de publicación, distribución, etc. 2025.
300 ## - DESCRIPCIÓN FÍSICA
Extensión 117 pages ;
Dimensiones 25 cm.
520 ## - SUMARIO, ETC.
Sumario, etc. From world-class qualitative experts comes a practical, step-by-step introduction to doing dyadic interviews. Including the perspective of both the interviewer and the interviewee, this book shows how to use this innovative interview technique to gain new insights into your research problem.<br/><br/>The book will also equip you with the tools and confidence to overcome potential challenges associated with the method and fully realise its advantages.<br/><br/>The book includes: <br/>Real world interview extracts so you can see how techniques work in practice; <br/>Case studies from a wide range of disciplines and contexts; <br/>A researcher’s checklist with step-by-step guidance through the whole research process; <br/>Content covering digital methods as well as in-person interviews.
650 #0 - PUNTO DE ACCESO ADICIONAL DE MATERIA--TÉRMINO DE MATERIA
Término de materia o nombre geográfico como elemento de entrada Qualitative research
Subdivisión general Methodology
9 (RLIN) 26080
700 ## - ENTRADA AGREGADA--NOMBRE PERSONAL
Nombre de persona King, Nigel
9 (RLIN) 26081
Término indicativo de función/relación author
942 ## - ELEMENTOS DE ENTRADA AGREGADA (KOHA)
Fuente del sistema de clasificación o colocación Clasificación de Library of Congress
Holdings
Estado de retiro Estado de pérdida Fuente del sistema de clasificación o colocación Estado dañado No para préstamo Biblioteca de origen Biblioteca actual Fecha de adquisición Total de préstamos Signatura topográfica completa Código de barras Fecha visto por última vez Número de copia Precio válido a partir de Tipo de ítem Koha
    Clasificación de Library of Congress     TBS Barcelona TBS Barcelona 13/10/2025   H62 SZU B05779 13/10/2025 1 13/10/2025 Book

Powered by Koha